Thực hành hoá học hữu cơ T. 1
Những thí nghiệm cơ bản, minh hoạ tính chất và phương pháp điều chế các hợp chất hữu cơ chủ yếu. Dùng cho sinh viên khoa Hoá trường đại học sư phạm
Tallennettuna:
| Muut tekijät: | |
|---|---|
| Aineistotyyppi: | Kirja |
| Kieli: | Vietnamese |
| Julkaistu: |
H.
Giáo dục
1983
|
| Sarja: | Sách Đại học sư phạm
|
| Aiheet: | |
| Tagit: |
Lisää tagi
Ei tageja, Lisää ensimmäinen tagi!
|
| Thư viện lưu trữ: | Mạng thư viện Đại học Đà Nẵng |
|---|
| LEADER | 01419nam a22003858a 4500 | ||
|---|---|---|---|
| 001 | 000008748 | ||
| 003 | 4940 | ||
| 005 | 20111020091050.0 | ||
| 008 | 111020s1983 b 000 0 vieod | ||
| 020 | |c 4800đ |d 2000b | ||
| 041 | 0 | |a vie | |
| 082 | |a 547.0078 |b Thưc | ||
| 084 | |a Đ28 |b TH552H | ||
| 245 | 1 | 0 | |a Thực hành hoá học hữu cơ |c Chủ biên: Thái Doãn Tĩnh |n T. 1 |
| 260 | |a H. |b Giáo dục |c 1983 | ||
| 300 | |a 200tr |c 21cm | ||
| 490 | |a Sách Đại học sư phạm | ||
| 505 | |a T. 1 | ||
| 520 | |a Những thí nghiệm cơ bản, minh hoạ tính chất và phương pháp điều chế các hợp chất hữu cơ chủ yếu. Dùng cho sinh viên khoa Hoá trường đại học sư phạm | ||
| 653 | |a Hoá học hữu cơ | ||
| 653 | |a giáo trình | ||
| 653 | |a thí nghiệm | ||
| 700 | |a Thái Doãn Tĩnh |e ch.b | ||
| 773 | |t Thực hành hoá học hữu c |w 4941 | ||
| 910 | |a Nguyễn Thị Kim Oanh |d 20/10/2011 | ||
| OWN | |a LSP | ||
| AVA | |a UDN50 |b LSP |d 547.0078 Thưc |e available |t Error 5001 Not defined in file expand_doc_bib_avail. |f 5 |g 2 |h N |i 0 |k 1 | ||
| 999 | |a From the UDN01 | ||
| AVA | |a UDN50 |b LSP |d 547.0078 Thưc |e available |t Error 5001 Not defined in file expand_doc_bib_avail. |f 5 |g 2 |h N |i 0 |k 1 | ||
| TYP | |a Monograph | ||
| TYP | |a Printed language | ||
| 980 | |a Mạng thư viện Đại học Đà Nẵng | ||